Why I am an Atheist / (Record no. 151932)

MARC details
000 -LEADER
fixed length control field 00605nam a22001817a 4500
005 - DATE AND TIME OF LATEST TRANSACTION
control field 20180508150142.0
010 ## - LCCN (DPL NO)
LC control number ENG-123000
020 ## - INTERNATIONAL STANDARD BOOK NUMBER
International Standard Book Number 9788123748146
Terms of availability 45.00
035 ## - SYSTEM CONTROL NUMBER
System control number EN-106532
037 ## - SOURCE OF ACQUISITION
Stock number DBAD/PUB.
082 ## - DEWEY DECIMAL CLASSIFICATION NUMBER
Classification number 954.0841092
100 ## - MAIN ENTRY--PERSONAL NAME
Personal name Singh, Bhagat
245 ## - TITLE STATEMENT
Title Why I am an Atheist /
Statement of responsibility, etc by Bhagat Singh ; introduction by Bipan Chandra
260 ## - PUBLICATION, DISTRIBUTION, ETC. (IMPRINT)
Place of publication, distribution, etc New Delhi
Name of publisher, distributor, etc Director, National Book Trust, India
Date of publication, distribution, etc 2015
270 ## - ADDRESS
Address Nehru Bhawan, 5 Institutional Area, Phase-II, Vasant Kunj
City New Delhi
Postal code 110070
300 ## - PHYSICAL DESCRIPTION
Extent 30p.
Other physical details 21cm(pbk)
942 ## - ADDED ENTRY ELEMENTS (KOHA)
Source of classification or shelving scheme Dewey Decimal Classification
Item type English Books
Classification part 954.0841092
Call number suffix SIN
Holdings
Withdrawn status Lost status Not for loan Collection code Home library Current library Date acquired Cost, normal purchase price Full call number Barcode Copy number Cost, replacement price Koha item type
    Not For Loan Non-fiction D.B.Act.Division Central Library 08/05/2018 45.00 954.0841092 SIN EN-106532 1 45.00 English Books

© Delhi Public Library
Hit Counter
free hit counter